| 000 | 00586nam a2200181 a 4500 | ||
|---|---|---|---|
| 001 | 000866096 | ||
| 003 | AM-YEHGA | ||
| 005 | 20250617164001.0 | ||
| 008 | 120209s1962 ru r 000 0 rus d | ||
| 040 | _aAM-YeHGA | ||
| 041 | 0 | _arus | |
| 245 | 0 | 0 |
_aВыращивание сахарной свеклы на корм скоту / _cСост. Д.А. Иванов. |
| 260 |
_aЛ. ; _aМ. : _bСельхозиздат, _c1962. |
||
| 300 |
_a82 с. : _bрис. ; _c20 см. |
||
| 650 | 1 | 4 | _aСахарная свекла |
| 700 | 1 |
_aИванов, Д.А. _eсост. _4com |
|
| 090 | _c519457 | ||
| 999 |
_c515916 _d515916 |
||